Survey (Record no. 82066)

MARC details
000 -LEADER
fixed length control field 01166cam a22001935a 4500
001 - CONTROL NUMBER
control field L149121
008 - FIXED-LENGTH DATA ELEMENTS--GENERAL INFORMATION
fixed length control field 100113s2009 xxk 000 0 eng d
035 ## - SYSTEM CONTROL NUMBER
System control number (Sirsi) u149121
041 0# - LANGUAGE CODE
Language code of text/sound track or separate title eng
110 2# - MAIN ENTRY--CORPORATE NAME
Corporate name or jurisdiction name as entry element Asia Property
9 (RLIN) 5589
245 00 - TITLE STATEMENT
Title Survey
Remainder of title South-East Asia
260 ## - PUBLICATION, DISTRIBUTION, ETC.
Date of publication, distribution, etc. 2009
490 #0 - SERIES STATEMENT
Series statement Asia Property
Volume/sequential designation November 2009 17-25(8)
520 ## - SUMMARY, ETC.
Summary, etc. Only Malaysia and Vietnam have attracted major investment so far, as the region?s economies become free of the recession. Office oversupply and a lack of distressed assets continue to deter overseas investors in Kuala Lumpur. Vietnam?s capital values have largely held up and long term prospects are good especially in retail.Thailand?s property market has ridden out the downturn and the Asian financial crisis but continuing restrictions make it a tough market for foreign investors.The Phillipines? property sector will be boosted by the imminent introduction of REITs as well as benefitting from Phillipines Dollars 17bn sent home by Filipinos working abroad.
590 ## - LOCAL NOTE (RLIN)
Local note KA
651 #4 - SUBJECT ADDED ENTRY--GEOGRAPHIC NAME
Geographic name Asia Pacific
690 ## - LOCAL SUBJECT ADDED ENTRY--TOPICAL TERM (OCLC, RLIN)
Topical term or geographic name as entry element PROPERTY-COMMERCIAL PROPERTY-COMMERCIAL PROPERTY FINANCE AND INVESTMENT
942 ## - ADDED ENTRY ELEMENTS (KOHA)
Suppress in OPAC 0
Holdings
Withdrawn status Lost status Source of classification or shelving scheme Damaged status Not for loan Home library Current library Shelving location Date acquired Total Checkouts Full call number Barcode Date last seen Copy number Price effective from Koha item type
    Dewey Decimal Classification     London London Journal article 13/01/2010   L149121 149121-1001 06/08/2019 1 06/08/2019 Journal article